Piskeṭ paṭṭāmpūcci = (Record no. 199779)
[ view plain ]
| 000 -LEADER | |
|---|---|
| fixed length control field | 02089nam a2200349 i 4500 |
| 005 - DATE AND TIME OF LATEST TRANSACTION | |
| control field | 20250616114801.0 |
| 008 - FIXED-LENGTH DATA ELEMENTS--GENERAL INFORMATION | |
| fixed length control field | 250616s2022 ii a br 000 1 tam d |
| 020 ## - INTERNATIONAL STANDARD BOOK NUMBER | |
| International Standard Book Number | 9789395776585 |
| Terms of availability | RM7.00 |
| Qualifying information | paperback |
| 040 ## - CATALOGING SOURCE | |
| Original cataloging agency | PPAK |
| Language of cataloging | eng |
| Transcribing agency | PPAK |
| Description conventions | rda |
| 041 1# - LANGUAGE CODE | |
| Language code of text/sound track or separate title | tam |
| -- | eng |
| 082 04 - DEWEY DECIMAL CLASSIFICATION NUMBER | |
| Edition number | 23 |
| Classification number | 894.8113 |
| 090 00 - LOCALLY ASSIGNED LC-TYPE CALL NUMBER (OCLC); LOCAL CALL NUMBER (RLIN) | |
| Classification number (OCLC) (R) ; Classification number, CALL (RLIN) (NR) | 894.8113 |
| Feature heading | ELA |
| Feature heading | K |
| 100 1# - MAIN ENTRY--PERSONAL NAME | |
| Personal name | Elango, Ko. Ma. Ko., |
| Relator term | author. |
| 245 10 - TITLE STATEMENT | |
| Linkage | 880-01 |
| Title | Piskeṭ paṭṭāmpūcci = |
| Remainder of title | BUTTERFLY COOKIE / |
| Statement of responsibility, etc. | Ko.Ma.Ko.Elango ; Illustrator: T. N. Rajan |
| 250 ## - EDITION STATEMENT | |
| Edition statement | Mutal patippu |
| 264 #1 - PRODUCTION, PUBLICATION, DISTRIBUTION, MANUFACTURE, AND COPYRIGHT NOTICE | |
| Place of production, publication, distribution, manufacture | Ceṉṉai : |
| Name of producer, publisher, distributor, manufacturer | Puks K̲apār Cilraṉ, |
| Date of production, publication, distribution, manufacture, or copyright notice | 2022 |
| 300 ## - PHYSICAL DESCRIPTION | |
| Extent | 24 pages : |
| Other physical details | illustrations (black and white) ; |
| Dimensions | 22 cm |
| 336 ## - CONTENT TYPE | |
| Content type term | text |
| Source | rdacontent |
| 337 ## - MEDIA TYPE | |
| Media type term | unmediated |
| Source | rdamedia |
| 338 ## - CARRIER TYPE | |
| Carrier type term | volume |
| Source | rdacarrier |
| 490 1# - SERIES STATEMENT | |
| Series statement | Ciṟār iru moḻik kataikaḷ |
| 500 ## - GENERAL NOTE | |
| General note | Children's stories |
| 520 ## - SUMMARY, ETC. | |
| Summary, etc. | "பார்த்தாலே தித்திக்கும் பட்டர் பிஸ்கெட். மாவும், நெய்யும், சீனியும் கலந்து செய்த பிஸ்கெட், காற்றில் பறக்குமா? தோட்டத்தில் சுற்றும் பிஸ்கெட் பட்டாம்பூச்சி தேன் குடிக்குமா? சுஜிதா வீட்டிலிருந்த பிஸ்கெட் எங்கே? வாசிக்க வாசிக்க பிஸ்கெட்டும் கதையும் ருசிக்கும் பாருங்கள்!"-- Back cover |
| 546 ## - LANGUAGE NOTE | |
| Language note | In Tamil and English |
| 650 10 - SUBJECT ADDED ENTRY--TOPICAL TERM | |
| Topical term or geographic name entry element | Children's stories, Tamil |
| Topical term or geographic name entry element | Butterflies |
| Form subdivision | Juvenile fiction |
| Topical term or geographic name entry element | Girls |
| Form subdivision | Juvenile fiction |
| 700 1# - ADDED ENTRY--PERSONAL NAME | |
| Personal name | Rajan, T.N., |
| Relator term | illustrator. |
| 830 #0 - SERIES ADDED ENTRY--UNIFORM TITLE | |
| Uniform title | Ciṟār iru moḻik kataikaḷ |
| 880 ## - ALTERNATE GRAPHIC REPRESENTATION | |
| Linkage | 245-01/$1 |
| a | பிஸ்கெட் பட்டாம்பூச்சி / கொ. மா. கோ. இளங்கோ ; ஓவியம், டி. என். ராஜன் |
| 942 ## - ADDED ENTRY ELEMENTS (KOHA) | |
| Source of classification or shelving scheme | Dewey Decimal Classification |
| Koha item type | Book |
| Withdrawn | Not for loan | Current library | Shelving location | Date acquired | Total Checkouts | Full call number | Barcode | Date last seen | Koha item type |
|---|---|---|---|---|---|---|---|---|---|
| Perpustakaan Alor Setar | Pinjaman Kanak-kanak | 14/07/2025 | K 894.8113 ELA | A01870980 | 14/07/2025 | Book | |||
| Perpustakaan Awam Sungai Petani | Pinjaman Kanak-kanak | 14/07/2025 | K 894.8113 ELA | A01870981 | 14/07/2025 | Book |